000 00754cam a2200229u 4500
008 130403s1971 ii 000 0 eng d
040 _aEG-GiCUC
_beng
_cEG-GiCUC
092 0 4 _a294.663
_bN175s
_221
099 _a04
_a294.663 N175s
100 1 _aSingh, Narain,
_d1901-
245 1 0 _aGuru Nanak Dev's :
_bview of life, amplified /
_cBy Narain Singh.
260 _aIndia :
_bBhagat Puran Singh ;
_c1971.
300 _a126 p.
_c21 cm.
600 0 0 _aNanak,
_cGuru,
_d1469-1538
_xBibliography.
600 0 0 _aNanak,
_cGuru,
_d1469-1538
_xCriticism and interpretation..
650 0 _aSikh gurus
_zIndia
_xBiography.
902 _a1
905 _aEman
_eRev.
905 _aJamal
_eCat.
942 _2ddc
_cBK
999 _c128998
_d128998